[Event "EU-Cup 22nd"]
[Site "Fuegen"]
[Date "2006.10.10"]
[Round "3.4"]
[White "Bareev, Evgeny"]
[Black "Nyback, Tomi"]
[Result "0-1"]
[WhiteElo "2688"]
[BlackElo "2575"]
[Annotator "Nyback,T"]
[PlyCount "120"]
[EventDate "2006.10.08"]
[EventType "team-swiss"]
[EventRounds "7"]
[EventCountry "AUT"]
[SourceTitle "CBM 115"]
[Source "ChessBase"]
[SourceDate "2006.11.15"]
[SourceVersion "1"]
[SourceVersionDate "2006.11.15"]
[SourceQuality "1"]
[WhiteTeam "Cheboksary"]
[BlackTeam "Werder Bremen"]
[WhiteTeamCountry "RUS"]
[BlackTeamCountry "GER"]

1. d4 Nf6 2. c4 e6 3. Nc3 Bb4 4. Nf3 {I mainly expected 4.Qc2, which is what
Bareev mostly plays. My preparation against the line that occurred in the game
turned out to be fairly superficial.} c5 5. g3 cxd4 6. Nxd4 Ne4 7. Qd3 Bxc3+ 8.
bxc3 Nc5 9. Qf3 O-O {Well, the idea is right one. Implementation is lacking in
accuracy, though. 9..d6 10.Bg2 Nbd7 11.0-0 Ne5 12.Qf4 Bd7! is the main line
here. It seems to me that Black has little, if any, problems there.} 10. Bg2 d6
11. O-O Nbd7 ({Something like} 11... Bd7 12. Be3 (12. Rd1 Ba4 13. Rd2 Nbd7)
12... Qe7 {appears more convincing here. While transferring the knight to e5
seems desirable, it turns out to be too slow with black having castled already.
}) 12. Rd1 Nb6 $5 {Tricky move, which cost me plenty of time. While it's
questionable whether black's position in the game is good or bad, this is
certainly better than} (12... Ne5 13. Qf4 Qa5 (13... Nxc4 14. Nb3 $1 $18) 14.
Nb5 Nb3 15. Rb1 $1 $16) 13. Nb5 {Most principal, and probably the best move.}
Nxc4 14. Bf4 (14. Qf4 d5 15. Nc7 Bd7 16. Nxa8 Qxa8 {is similar to the position
that might have arised in the game. Black seems to have reasonable
compensation here as well.}) (14. Nxd6 Nxd6 15. Bf4 Nce4 16. Qd3 (16. Qe3 Qa5
17. Bxd6 Nxd6 18. Rxd6 Rb8 $11) 16... Qb6 17. Bxe4 Nxe4 18. Qxe4 f6 {should be
ok too, white has temporary activity, but Black's structure is better.}) 14...
d5 15. Nc7 Bd7 $8 16. Rxd5 $5 (16. Nxa8 Qxa8 {is what I was expecting, and
would be the logical consequence of Black's 12th move. While my way of
handling the opening certainly deserves some criticism - after all, Black ends
up being exchange down almost by force - I'm not really sure if White is
better here. The position is difficult to assess, but it seems to me that
Black's strong grip on the center and well-placed knights offer plenty of
compensation. Sheer luck?}) 16... exd5 17. Qxd5 (17. Nxa8 $2 Bc6 18. Nc7 g5 $1
19. Qg4 h6 $3 {and Bd7 seems impossible to prevent. I'm not sure if I would
have found this over the board, but of course white's intention was not to
take the rook immediately. It would hardly make much sense doing that now,
instead of the previous move in which he still had a rook in d1..}) 17... Qe7
$1 (17... Rc8 18. Qxc5 b5 {may be playable too, but white has some annoying
pressure there. The text move appears stronger, protecting c5-knight which is
doing good job looking after the pawn on b7.}) 18. Bg5 $4 ({I think my
opponent might have missed 17...Qe7, which would to some extent explain this
blunder. There was no reason to panic,} 18. Qxc4 Be6 19. Nd5 Bxd5 20. Qxd5 $44
b6 {seems to offer White sufficient compensation from the exchange in form of
pawn and the bishop pair.}) (18. Nxa8 $4 Be6 $19 {is another way to lose.})
18... Qe5 $1 $19 {Now White will remain piece down, and it only remains for
Black to consodilate his position, which has plenty of pieces hanging.} 19.
Qxe5 Nxe5 20. Nxa8 Rxa8 21. Be3 Rc8 22. Rd1 Be8 $1 23. Bh3 Rc7 24. Rd8 Kf8 25.
Rd5 Ncd7 26. Bxa7 b6 27. Bxb6 Nxb6 28. Rxe5 {It has cost Black a pawn and some
exchanges to get rid of White's bishop pair and activity, but it's still a
fairly trivial win.} Ra7 $6 {Too tricky, simpler and better was 28...Rxc3,
when the a-pawn is also going down soon.} 29. Bf5 Rxa2 30. Bd3 Ra1+ 31. Kg2 Rc1
32. Rc5 Na4 $2 (32... Ke7 $19) 33. Rc8 Nb6 ({I realized to my horror that the
intended} 33... Nxc3 {fails to} 34. Bb5 $1) (33... Rxc3 34. Rxe8+ Kxe8 35. Bb5+
{looks drawish too.}) 34. Rb8 Nd7 35. Rc8 Ke7 36. h4 Nf6 37. c4 h6 38. f3 Bd7
39. Ra8 Be6 40. Kf2 Nd7 {Black has managed to regroup his pieces to perfect
squares, rest is matter of technique.} 41. Rg8 g6 42. h5 Nf6 43. Rh8 Nxh5 44.
Rxh6 Bxc4 45. Bxc4 Rxc4 46. Rh8 Nf6 (46... f5 {directly was fine too, but
there is nothing wrong with improving the placement of Black's pieces first.})
47. Ra8 Rc6 48. Ra2 Ke6 49. Ke3 Nd5+ 50. Kf2 f5 51. Rb2 g5 52. Ra2 Ke5 53. Rb2
Rh6 54. Kg1 f4 $1 55. Ra2 Nc3 56. Rc2 Kd4 57. Rd2+ Kc4 58. gxf4 gxf4 59. Rc2
Re6 60. Kf2 Rxe2+ $1 0-1

[Event "Dortmund SuperGM 34th"]
[Site "Dortmund"]
[Date "2006.08.02"]
[Round "4"]
[White "Aronian, Levon"]
[Black "Naiditsch, Arkadij"]
[Result "1/2-1/2"]
[WhiteElo "2761"]
[BlackElo "2664"]
[Annotator "Postny,E"]
[PlyCount "89"]
[EventDate "2006.07.29"]
[EventType "tourn"]
[EventRounds "7"]
[EventCountry "GER"]
[EventCategory "19"]
[SourceTitle "CBM 114"]
[Source "ChessBase"]
[SourceDate "2006.10.02"]
[SourceVersion "1"]
[SourceVersionDate "2006.10.02"]
[SourceQuality "1"]

1. d4 Nf6 2. c4 e6 3. Nc3 Bb4 4. Nf3 c5 5. g3 {This "hybrid" of Nimzo-Indian
and Catalan opening is very fashionable nowadays. Aronian employs this system
with both colours.} O-O ({A wild and uncompromising game by Aronian as Black
is worth to be mentioned:} 5... Ne4 6. Qd3 Qa5 7. Qxe4 Bxc3+ 8. Bd2 Bxd2+ 9.
Nxd2 Nc6 10. dxc5 b6 11. Bg2 Bb7 12. Qf4 bxc5 13. Qd6 Qb6 14. Ne4 Nd4 15. Qxb6
axb6 16. Nd6+ Ke7 17. Bxb7 Nc2+ 18. Kd2 Nxa1 19. Nxf7 Rxa2 20. Nxh8 Rxb2+ $44 {
0-1 Bacrot,E (2717)-Aronian,L (2752)/Morelia/Linares MEX/ESP 2006/The Week in
Chess 590 (55)}) 6. Bg2 cxd4 (6... Bxc3+ 7. bxc3 d6 8. O-O Qe7 9. Bg5 Nbd7 10.
Qd3 h6 11. Bxf6 Nxf6 12. Rfd1 Bd7 13. dxc5 dxc5 14. Ne5 Ba4 $11 {1/2-1/2
Georgiev,K (2677)-Anand,V (2803)/Turin ITA 2006/The Week in Chess 604 (21)}) 7.
Nxd4 d5 8. cxd5 (8. O-O dxc4 9. Qa4 Na6 10. Ndb5 Nd5 11. Rd1 Qe8 12. Nxd5 exd5
13. Bxd5 Bd7 14. Bxc4 Bc6 15. Qb3 Bxb5 16. Bxb5 Qxb5 17. a3 Qxe2 18. axb4 Nxb4
19. Bf4 a5 {1/2-1/2 Moiseenko,A (2664)-Naiditsch,A (2612)/Sant Lluis ESP 2005/
The Week in Chess 565}) 8... Nxd5 9. Qb3 Qb6 10. Bxd5 {The exchange of this
key bishop is obviously risky, but in this case it's the only way to fight for
an opening advantage. White will try to take advantage of black's isolated d5
pawn and a vulnerable position of black's queen.} (10. e3 $6 Nc6 11. Nxc6 bxc6
12. Bd2 Qa6 $15 {0-1 Hort,V (2545)-Kindermann,S (2480)/Dortmund 1985/MCL (33)})
10... exd5 11. Be3 Bh3 {Trying to prevent white's smooth development.} 12. g4
$1 {The idea of this move is to trap the black bishop by Rh1-g1-g3. It's
nearly always bad for Black to take on g4, since White might get a strong
attack along the "g" file.} (12. Rc1 Nc6 13. Nxc6 Qxc6 14. f3 Qc4 $6 15. Kf2
Be6 16. Qxc4 dxc4 17. Rhd1 Bxc3 18. bxc3 b6 19. Rd4 Rfd8 20. g4 $14 {1-0
Topalov,V (2801)-Aronian,L (2752)/Morelia/Linares MEX/ESP 2006/The Week in
Chess 591 (76)}) 12... Na6 {The knight is heading to e4.} (12... Bg2 $6 13. Rg1
Be4 14. a3 Bxc3+ 15. Qxc3 $14) (12... Bxg4 $2 13. Rg1 $18) (12... Nc6 13. Nxc6
Qxc6 14. Rg1 (14. Qxb4 $2 d4 {[%csl Rh1]}) 14... Bxc3+ 15. Qxc3 Qxc3+ 16. bxc3
f5 17. Rd1 Bxg4 18. Rxd5 Rae8 19. Kd2 a6 20. f3 Bh5 21. Bd4 $14 {1/2-1/2
Bezold,M (2475)-Horvath,C (2540)/Budapest 1994/CBM 045 ext (23)}) 13. a3 $1
$146 {[%mdl 8] An important novelty, which probably refutes the line with 12...
Na6. Obviously, Aronian studied the previous Naiditsch game and found an
improvement.} (13. Nf5 Qa5 14. Bd4 Nc5 15. Qxd5 Rfd8 16. Qf3 Rxd4 17. Qxh3
Bxc3+ 18. bxc3 Nd3+ 19. Kf1 Qxc3 20. Rd1 Nf4 21. Qxc3 Rxd1+ 22. Qe1 Rxe1+ 23.
Kxe1 Ne6 $15 {[%csl Ra2,Ga7,Gb7] 0-1 L'Ami,E (2550)-Naiditsch,A (2657)/Wijk
aan Zee NED 2006/The Week in Chess 586 (48)}) 13... Qa5 (13... Bxc3+ 14. Qxc3
Rfc8 (14... Bxg4 $2 15. Nf5 {[%csl Rb6,Rg7]} (15. Rg1 $40) 15... d4 16. Ne7+
Kh8 17. Bxd4 Qh6 18. Rg1 $18) 15. Qd2 Qf6 16. Rg1 Nc5 17. f3 $18 {[%csl Rh3]})
14. Rc1 Bxc3+ (14... Bc5 15. Rg1 $18 {[%csl Rh3] trapping the light-squared
bishop.}) 15. Rxc3 (15. Qxc3 $6 Qxc3+ 16. Rxc3 Bxg4 17. Rg1 h5 18. f3 Be6 19.
Rg5 $44) 15... Nc5 ({Again, it's bad to capture the Pg4:} 15... Bxg4 16. Rg1 h5
17. h3 Bxh3 18. Bd2 Bg4 19. Rc6 $1 Qd8 20. Qxb7 $18 {[%csl Ra6]}) 16. Qb4 $1
Qxb4 17. axb4 Na4 (17... Ne4 18. Rd3 f5 19. Ne6 (19. f3 $2 f4) 19... Rf7 (19...
Rf6 20. Nc7 $16) 20. g5 $16 {[%csl Rh3]}) 18. Ra3 Nxb2 (18... Nb6 19. Rg1 {
[%csl Rh3][%cal Gg1g3]} h5 20. gxh5 {and White is simply a pawn up, keeping a
promising initiative as well.}) 19. Bc1 {[%csl Rb2,Rh3]} Bg2 20. Rg1 Nc4 {
Black is not able to save a piece, and is lucky to get a rook for two light
pieces.} 21. Rxg2 Nxa3 22. Bxa3 $16 {This position arised nearly by force
after the opening! The position is materially balanced, but, obviously White
got a big advantage in this case. The knight is great on d4, while Black's
rooks does not have enough space for any activity.} Rfc8 23. Rg3 g6 24. g5 Rc4
25. Rd3 a6 26. Kd2 Rac8 27. e3 h6 28. gxh6 $6 {This is rather unnatural. Now
Black is getting counterplay.} (28. h4 $16 {keeping the pawn structure
complete.}) 28... Kh7 29. Rb3 Kxh6 30. Bb2 Kh5 $1 {White's Ph2 is doomed.
White needs to be in a hurry to reorganise his forces.} 31. Bc3 (31. b5 $2 a5
$132 {[%csl Ga5]}) 31... Kg4 32. Kd3 Kh3 33. Ne2 Kxh2 34. Rb1 {Black has to be
careful, since his king is in danger.} g5 $2 {Too optimistic, but in the game
it worked fine.} (34... R8c6 $5 35. Be5+ Kg2 36. Rg1+ Kxf2 37. Bg3+ Kf3 38. Be1
Rg4 39. Nd4+ Rxd4+ 40. Kxd4 Rc1 {with good chances for a draw.}) 35. f4 $2 {
Spoiling everything...} (35. Be5+ $1 Kh3 (35... Kg2 36. Rg1+ Kxf2 37. Rxg5 $18
{The drawback of 34...g5 is now clear.}) 36. Rh1+ Kg4 (36... Kg2 37. Rg1+ Kxf2
38. Rxg5 $18) 37. Nd4 Rc3+ 38. Kd2 $18 {[%cal Rf2f3]}) 35... g4 36. Be1 Kg2 37.
Bg3 {Probably, Aronian was counting on a mating net, but with the next move
Naiditsch frustrates his plans.} Rc1 $1 (37... Rh8 $5 {was sufficient for a
draw as well.} 38. Rg1+ Kf3 39. Be1 (39. Nd4+ $2 Rxd4+ 40. Kxd4 Rh3 41. Be1 g3
42. Rxg3+ Rxg3 43. Bxg3 Kxg3 44. Kxd5 b6 $19 {[%cal Ga6a5]}) 39... Rh3 40. f5
Re4 41. Nd4+ Rxd4+ 42. Kxd4 g3 43. Rxg3+ Rxg3 44. Bxg3 Kxg3 45. Kxd5 b6 46. e4
Kf4 47. f6 a5 48. bxa5 bxa5 49. e5 Kf5 50. Kd6 a4 51. e6 a3 52. exf7 a2 53.
f8=Q a1=Q $11) 38. Nxc1 (38. Rxc1 $2 Rxc1 39. Nxc1 Kxg3 {White has problems to
stop the "g" pawn.}) 38... Kxg3 39. Ne2+ Kf2 40. Rb2 g3 {Black's passed pawn
compensates the lack of a piece.} 41. f5 Re8 42. Nd4+ Kf1 43. Nf3 g2 44. Nh2+
Kg1 45. Nf3+ 1/2-1/2

[Event "Cappelle op 32nd"]
[Site "Cappelle la Grande"]
[Date "2016.02.13"]
[Round "1"]
[White "Feller, Sebastien"]
[Black "Shirazi, Kamran"]
[Result "1-0"]
[WhiteElo "2610"]
[BlackElo "2367"]
[Annotator "Primel,D"]
[PlyCount "125"]
[EventDate "2016.02.13"]
[EventType "swiss"]
[EventRounds "9"]
[EventCountry "FRA"]
[SourceTitle "EXT 2017"]
[Source "ChessBase"]
[SourceDate "2016.10.25"]
[SourceVersion "1"]
[SourceVersionDate "2016.10.25"]
[SourceQuality "1"]
[TimeControl "40/5400+30:1800+30"]
[WhiteClock "1:30:00"]
[BlackClock "1:30:00"]

1. Nf3 Nf6 2. c4 c5 3. Nc3 e6 4. d4 cxd4 5. Nxd4 Bb4 6. g3 Qc7 7. Bg2 Qxc4 (
7... a6) 8. O-O Bxc3 (8... O-O 9. Ncb5 Nc6 10. b3 Qc5 11. a3 Nxd4 12. axb4 Qxb5
13. Qxd4 d5 14. Bg5 Ne4 15. Bxe4 dxe4 16. Ra5 Qxe2 17. Be7 Re8 18. Rg5 g6 19.
Re5 Qd3 20. Qxd3 exd3 21. Bf6 b6 22. Rd1 Ba6 23. b5 Bb7 24. Rxd3 Rec8 25. Re1
Bd5 26. Ra1 h6 27. g4 Rc5 28. Rh3 Kh7 29. Bg5 h5 30. gxh5 gxh5 31. f4 Kg6 32.
Be7 Rxb5 33. Kf2 f6 34. b4 a5 35. Bd6 axb4 36. Rg1+ Kh6 37. Rhg3 Ra2+ 38. Ke3 {
Chatalbashev,B (2550)-Ivanisevic,I (2642) Struga 2012 0-1}) 9. bxc3 a6 $146 (
9... O-O 10. Ba3 Re8 11. Qb3 Qxb3 12. axb3 d5 13. Nb5 Na6 14. Nd6 Rd8 15. c4
Nc7 16. Rfd1 Nce8 17. Nb5 b6 18. e4 Bb7 19. exd5 exd5 20. Nc3 Rd7 21. Bh3 Rdd8
22. Be7 Rdb8 23. Nxd5 Ne4 24. Bg2 N4f6 25. Bxf6 gxf6 26. Ne7+ Kf8 27. Nc6 Rc8
28. Nxa7 Rc7 29. Nb5 Rxa1 30. Rxa1 Re7 31. Bxb7 Rxb7 32. Ra8 {1-0 (32)
Zacurdajev,M (2374)-Shimanov,A (2419) St Petersburg 2007}) 10. e4 O-O (10...
Qxc3 11. e5 Ng8 (11... Qxa1 12. exf6) 12. Be3 $44 {[%csl Rc3,Rc8,Re8][%cal
Ga1c1,Gc1c8]} Ne7) 11. Ba3 $44 Qc7 (11... Re8 12. e5 Nd5 13. Nf5 $36) 12. Bxf8
Kxf8 13. Qd2 d6 14. Rfd1 Nbd7 15. Nb3 Ne8 16. c4 Rb8 17. Rac1 b6 18. f4 Nc5 19.
Nxc5 Qxc5+ 20. Qd4 Qc7 21. e5 dxe5 22. fxe5 Bb7 23. Bxb7 Rxb7 24. c5 bxc5 25.
Qxc5+ Qxc5+ 26. Rxc5 Ke7 27. Rdc1 Kd7 28. Rd1+ Ke7 29. Rdc1 Kd7 30. Rc6 Nc7 31.
Rd6+ Ke7 32. Rcd1 Nd5 33. Rxa6 f6 34. exf6+ gxf6 35. a4 h5 36. Ra8 f5 37. Rh8
Rb2 38. Rxh5 Ra2 39. Rh4 Nc3 40. Re1 Nxa4 41. Rh7+ Kd6 42. Ra7 Nc3 43. Rxa2
Nxa2 44. h4 Ke7 45. h5 Kf7 46. h6 Nb4 47. Rxe6 Kg8 48. Rf6 Kh7 49. Rxf5 Kxh6
50. Rf6+ Kg5 51. Rd6 Nc2 52. Kg2 Ne3+ 53. Kh3 Nc4 54. Rd5+ Kg6 55. Kh4 Kh6 56.
Rc5 Nd2 57. Rc6+ Kg7 58. Kh5 Ne4 59. g4 Ng3+ 60. Kg5 Ne4+ 61. Kf5 Ng3+ 62. Kf4
Ne2+ 63. Ke3 1-0

[Event "Syre Memorial op 36th"]
[Site "Issy les Moulineaux"]
[Date "2013.05.09"]
[Round "2"]
[White "Dubessay, Bastien"]
[Black "Roser, Kevin"]
[Result "0-1"]
[WhiteElo "2378"]
[BlackElo "2401"]
[Annotator "Primel,D"]
[PlyCount "80"]
[EventDate "2013.05.08"]
[EventType "swiss"]
[EventRounds "7"]
[EventCountry "FRA"]
[SourceTitle "EXT 2015"]
[Source "ChessBase"]
[SourceDate "2014.11.20"]
[SourceVersion "1"]
[SourceVersionDate "2014.11.20"]
[SourceQuality "1"]
[TimeControl "40/5400+30:1200+30"]

1. d4 Nf6 2. c4 e6 3. Nc3 Bb4 4. g3 O-O (4... c5) (4... d5) 5. Bg2 d5 {
Transpose sur des positions proches de la Catalane} 6. Nf3 dxc4 $1 {Par
rapport à la Catalane, le fait de jouer rapidement Nc3 prive les Blancs
d'option pour récupérer le Pc4} 7. a3 (7. O-O $142 Nc6 8. a3 Be7 9. e4 Na5 $1
{[%cal Ga5c4,Gc7c5,Ga5b3,Gb3a1,Gb3c1]} (9... Rb8 {[%cal Gb7b5]} 10. Qe2 Nxd4
11. Qxc4 e5 12. Be3 {Ftacnik,L (2544)-Fernando,D (2449) POR-chT 50th 2008 (6)
1-0} (12. Nxe5 c5 13. Be3 Be6 14. Nd5 b5 $13)) 10. Qe2 (10. Be3 Nb3 11. Rb1)
10... Nb3 11. e5 Nd5 12. Rb1 b5 13. Nxb5 Rb8 14. Qxc4 Nxc1 $11 {Sandipan,C 
(2622)-Bacrot,E (2713) Gibraltar Masters 8th 2010 (5) 1/2}) 7... Be7 8. O-O {
Tente d'améliorer sa position jouée contre l'ancien candidat au titre} (8.
Qa4 a6 9. Qxc4 b5 10. Qd3 Bb7 11. Bg5 Nbd7 12. b4 a5 13. O-O axb4 14. axb4 Bxb4
15. Nxb5 c5 16. dxc5 Rxa1 17. Rxa1 Bxc5 18. Bxf6 Qxf6 19. Qc3 Qxc3 20. Nxc3
Bxf3 21. Bxf3 Ne5 22. Bb7 Bd4 {Radjabov,T (2751)-Topalov,V (2767) Sofia 2008 1/
2-1/2}) (8. e4 $6 c5 $1 9. d5 exd5 10. exd5 Bd6 11. O-O Bf5 12. Re1 Nbd7 13.
Nh4 Bd3 14. Bf1 Bxf1 15. Kxf1 Ne5 16. Bg5 Qd7 17. Bxf6 Qh3+ 18. Ng2 gxf6 19.
Re4 Ng6 20. Kg1 a6 21. a4 f5 22. Rxc4 Rae8 {Dubessay,B (2350)-Kortschnoj,V 
(2519) Geneve 2012 1-0 (53)}) (8. Ne5 Nc6 (8... c5) 9. Bxc6 bxc6 10. Nxc6 Qe8
11. Nxe7+ Qxe7 12. Qa4 c5 13. Qxc4 cxd4 14. Qxd4 e5 $11 {Aronian,L (2737)
-Karjakin,S (2727) Sochi FIDE GP 2008 (5) 1/2}) 8... Nc6 9. e4 $1 a6 {[%cal
Ga8b8,Gb7b5] Joué dans l'esprit de la variante ouverte Nc6 de la Catalane} (
9... Na5 {[%cal Ga5c4,Ga5b3]} 10. Qe2 Nb3 11. Rb1 Nxd4 12. Nxd4 Qxd4 13. Rd1
Qc5 14. Be3 Qa5 15. Bd2 Qa6 16. e5 Nd7 17. b4 c6 18. a4 Qb6 19. a5 Qc7 20. f4
b5 21. Nxb5 cxb5 22. Bxa8 c3 23. Bxc3 Qxc3 24. Qxb5 {Barle,J (2430)-Sisniega,M
(2525) Manila 1992 1-0 (63)}) 10. Qe2 $5 {87 Probablement le fruit de la
préparation nocturne des Blancs qui ont joué trés vite} (10. Be3 Na5 {
Li,C (2710)-Tkachiev,V (2631) Jakarta Indonesia op 2011 (4) 0-1}) (10. Bf4 b5
11. Qe2 Nxd4 12. Nxd4 Qxd4 13. Rad1 $44 {Postny,E (2577)-Macieja,B (2639)
GRE-chT Div-A 38th 2010 (5) 1/2}) 10... Na5 $1 {70} 11. Rd1 $5 $146 {[%cal
Gd1d8,Gd4d5]} (11. Bf4 $142 $1 Re8 (11... c5 12. dxc5 Bxc5 13. Rad1 $44) (11...
Nb3 12. Rad1) (11... b5 12. Rad1 Bb7 13. h4 {Halkias,S (2581)-Lenderman,A 
(2614) Chigorin Memorial rap 20th rapid 2012 (7) 1-0}) 12. Rad1 b5 13. Ne5 $44
{[%cal Gg2a8,Gd4d5];Sandipan,C (2622)-Vallejo Pons,F (2705) Gibraltar Masters
playoff 8th rapid 2010 (1.2) 1/2} (13. d5 $5)) 11... Nb3 $1 {Gagne la paire de
B et force la R à occuper une position passive} 12. Rb1 Nxc1 (12... b5 $5 {
L'alternative pour terminer le développement et laisser la Rb1 sur une
mauvaise case} 13. Bf4 Bb7) 13. Rbxc1 b5 14. d5 $1 {Il faut profiter de la
petite avance de développement pour prendre l'initiative} exd5 15. e5 $1 (15.
Nxd5 $143 Nxd5 16. Rxd5 Qe8 {[%cal Gc8e6]}) 15... c6 $1 16. Nd4 (16. exf6 Bxf6
{[%cal Gf8e8]} 17. Ne5 Bb7 (17... Re8 18. Nxc6) 18. Ng4 Re8 19. Nxf6+ Qxf6 $11
{[%cal Ga8d8]}) 16... Bd7 17. exf6 Bxf6 18. Nxc6 Bxc6 19. Nxd5 Bxd5 20. Rxd5
Qe8 21. Qc2 Rd8 22. Rc5 Qe7 23. Rc6 Rd6 24. Rxd6 Qxd6 25. Rd1 Qe6 26. Bf3 g6
27. Kg2 Rc8 28. h4 Qe5 29. Rd2 a5 30. Re2 Qc5 31. h5 b4 32. axb4 axb4 33. hxg6
hxg6 34. b3 c3 35. Be4 Kg7 36. Qb1 Re8 37. Qf1 $2 Rh8 38. Bf3 Qf5 39. Qe1 Qh3+
40. Kg1 Bd4 0-1